000 00896nam a2200253 a 4500
001 51754
003 BD-RjUL
005 20211209075716.0
008 730410m19381933nyua b 001 0 eng
035 _a(BD-RjUL)51874
040 _aDLC
_cDLC
_dBD-RjUL
_beng
041 _aeng
082 0 0 _a530
_223
_bSTP 1938
100 1 _aStrong, John,
_d1905-
_9154799
245 0 0 _aProcedures in experimental physics /
_cby John Strong, in collaboration with H. Victor Neher, Albert E. Whitford, C. Hawley Cartwright and Roger Hayward, illustrated by Roger Hayward.
260 _aEnglewood cliff :
_bPrentice-Hall, inc.,
_cc1938.
300 _ax, 642 p. :
_billus. ;
_c24 cm.
490 _aPrentice- hall physics series
500 _aInculde index
650 0 _aPhysics
_xLaboratory manuals.
_9154800
700 1 _aNeher, Henry Victor,
_d1904-
_9154801
740 _aExperimental physics.
942 _2ddc
_cBK
999 _c51754
_d51754